000 00285nam a2200121 a 4500
008 100719s2008|||| d
100 1 _aLindseyová, Johanna
245 1 0 _aDiabol, čo ju skrtotil
260 _bIkar
_aBratislava
_c2008
020 _c259
041 _aslo
044 _axo
_cSK
999 _c8077
_d8077